Oktatásügyi törvényhozásunk fordulópontjai a 19-20. században

Elmentve itt :
Bibliográfiai részletek
Szerző: Kelemen Elemér
Dokumentumtípus: Cikk
Megjelent: 2003
Sorozat:Iskolakultúra 13 No. 2
Online Access:http://misc.bibl.u-szeged.hu/39722
LEADER 00594nab a2200169 i 4500
001 misc39722
005 20191106140812.0
008 180709s2003 hu o 0|| zxx d
022 |a 1215-5233 
040 |a SZTE Miscellanea Repozitórium  |b hun 
041 |a zxx 
100 1 |a Kelemen Elemér 
245 1 0 |a Oktatásügyi törvényhozásunk fordulópontjai a 19-20. században  |h [elektronikus dokumentum] /  |c  Kelemen Elemér 
260 |c 2003 
300 |a 47-56 
490 0 |a Iskolakultúra  |v 13 No. 2 
856 4 0 |u http://misc.bibl.u-szeged.hu/39722/1/EPA00011_iskolakultura_2003_02_047-056.pdf  |z Dokumentum-elérés